100 Biggest Cities in Vermont on a Map - Statistics

General Stats
  • This quiz has been taken 7 times
  • The average score is 11 of 100
Answers on the Map
Answers color-coded by a green-red scale on the quiz's map according to % correct below.
 
Answer Stats
Population City % Correct
7,352 Brattleboro
100%
44,743 Burlington
100%
15,810 Rutland
100%
20,201 South Burlington
100%
8,795 Bennington
75%
10,603 Essex Junction
75%
8,490 Barre
50%
7,304 Middlebury
50%
8,083 Montpelier
50%
4,189 Springfield
50%
6,864 St. Albans
50%
5,994 St. Johnsbury
50%
616 Stowe
50%
8,003 Winooski
50%
680 Derby Line
25%
772 Manchester
25%
3,804 Milton
25%
498 St. George
25%
1,898 West Rutland
25%
2,532 White River Junction
25%
936 Woodstock
25%
594 Alburgh
0%
1,249 Arlington
0%
529 Ascutney
0%
751 Barton
0%
2,787 Bellows Falls
0%
670 Bethel
0%
907 Bradford
0%
1,727 Brandon
0%
1,936 Bristol
0%
393 Canaan
0%
1,337 Castleton
0%
699 Castleton Four Corners
0%
1,132 Chester
0%
385 Danville
0%
651 Derby Center
0%
811 East Barre
0%
426 East Middlebury
0%
1,351 Enosburg Falls
0%
865 Fairfax
0%
2,225 Fair Haven
0%
717 Graniteville
0%
419 Groton
0%
1,269 Hardwick
0%
754 Hartford Village
0%
379 Hartland
0%
872 Hinesburg
0%
535 Huntington
0%
431 Hyde Park
0%
750 Island Pond
0%
782 Jeffersonville
0%
1,355 Johnson
0%
861 Killington Village
0%
784 Ludlow
0%
1,175 Lyndonville
0%
2,145 Manchester Center
0%
2,137 Morrisville
0%
442 Newbury
0%
4,453 Newport
0%
1,719 North Bennington
0%
395 North Clarendon
0%
3,757 Northfield
0%
403 North Hyde Park
0%
694 North Springfield
0%
611 North Troy
0%
905 Norwich
0%
802 Orleans
0%
805 Pittsford
0%
424 Plainfield
0%
1,093 Poultney
0%
548 Pownal
0%
437 Pownal Center
0%
1,565 Proctor
0%
451 Proctorsville
0%
571 Putney
0%
831 Quechee
0%
2,083 Randolph
0%
1,304 Richford
0%
853 Richmond
0%
475 Saxtons River
0%
6,178 Shelburne
0%
1,193 South Barre
0%
654 South Royalton
0%
681 South Shaftsbury
0%
467 Stamford
0%
2,347 Swanton
0%
643 Underhill Flats
0%
2,554 Vergennes
0%
818 Wallingford
0%
1,897 Waterbury
0%
390 Waterbury Center
0%
570 Websterville
0%
386 Wells
0%
436 Wells River
0%
2,803 West Brattleboro
0%
401 West Woodstock
0%
3,071 Wilder
0%
1,264 Williamstown
0%
439 Wilmington
0%
2,139 Windsor
0%
No matching quizzes found
Score Distribution
Percent of People with Each Score
Percentile by Number Answered
Your Score History
You have not taken this quiz